| 000 | 00463nam a2200181Ia 4500 | ||
|---|---|---|---|
| 001 | 24995 | ||
| 005 | 20260414151120.0 | ||
| 008 | 260414t2006||||xx |||||||||||||| ||spa|| | ||
| 041 | _aESP | ||
| 082 |
_a346.09 _bR24 |
||
| 100 |
_aRamos Núñez, Carlos Augusto, 1960- _eAUT |
||
| 245 | 0 |
_aHistoria del derecho civil peruano : _bsiglos XIX y XX |
|
| 260 | _c2006 | ||
| 300 |
_apágs. : _c21 cm. |
||
| 650 | _aDER | ||
| 654 | _aCDE | ||
| 942 |
_cLIB _dJUS _fJUS _2ddc _n |
||
| 999 |
_c24995 _d24995 |
||